LEADER 01018cam0 22002651 450 001 SOBE00067996 005 20211019091602.0 100 $a20211019d1980 |||||ita|0103 ba 101 $aita 102 $aIT 200 1 $aSindacato e forza lavoro all'Alfasud$eun caso anomalo di conflittualità industriale$fDario Salerni 210 $aTorino$cEinaudi$d1980 215 $aXI, 233 p.$d18 cm 225 2 $aSerie politica$v64 410 1$1001LAEC00017286$12001 $a*Serie politica$v64 700 1$aSalerni$b, Dario$3SOBA00018387$4070$0108372 801 0$aIT$bUNISOB$c20211019$gRICA 850 $aUNISOB 852 $aUNISOB$jFondo|Craveri$m171652 912 $aSOBE00067996 940 $aM 102 Monografia moderna SBN 941 $aM 957 $aFondo|Craveri$b000673$gSI$d171652$n20191024$hCraveri$rdono$tN$1menle$2UNISOB$3UNISOB$420211019083643.0$520211019091602.0$6menle$fModalità di consultazione sulla home page della Biblioteca link Fondi 996 $aSindacato e forza lavoro all'Alfasud$945040 997 $aUNISOB LEADER 01235nam0 22002651i 450 001 UON00332726 005 20231205104227.44 100 $a20090923d1949 |0itac50 ba 101 $afre 102 $aFR 105 $a|||| 1|||| 200 1 $aRené-Auguste de Chateaubriand comte de Combourg (1718-1780). D'après des documents inédits sur la vie maritime, féodale et familiale en Bretagne au XVIIIe siècle$fpar Georges Collas 210 $aParis$cNizet$dc1949 215 $a270 p.$d25 cm. 606 $aCHATEAUBRIAND FRANCOIS-RENE : de$3UONC041602$2FI 620 $aFR$dParis$3UONL002984 676 $a844$cLetteratura francese. Saggi$v21 700 1$aCOLLAS$bGeorges$3UONV188940$0197760 712 $aNizet$3UONV266165$4650 801 $aIT$bSOL$c20240220$gRICA 899 $aSIBA - SISTEMA BIBLIOTECARIO DI ATENEO$2UONSI 912 $aUON00332726 950 $aSIBA - SISTEMA BIBLIOTECARIO DI ATENEO$dSI Francese V B CHA COL $eSI MR 23638 5 996 $aRené-Auguste de Chateaubriand comte de Combourg (1718-1780). D'après des documents inédits sur la vie maritime, féodale et familiale en Bretagne au XVIIIe siècle$91366011 997 $aUNIOR